| 000 | 00000nam 2200000zi 4500 |
| 001 | 9.931906 |
| 003 | CaOODSP |
| 005 | 20241121151508 |
| 006 | m o d f |
| 007 | cr |n||||||||| |
| 008 | 231229s1995 qucab ob f|0| 0 fre d |
| 040 | |aCaOODSP|bfre|erda|cCaOODSP |
| 041 | |afre|bfre|beng |
| 043 | |an-cn-qu |
| 086 | 1 |aCW66-1457/1995F-PDF |
| 100 | 1 |aBélanger, Luc, |d1958- |eauteur. |
| 245 | 10|aExamen environnemental préalable concernant le projet d'aménagement faunique de l'Île des Barques, Archipel de Berthier-Sorel, Québec / |cpar Luc Bélanger. |
| 264 | 1|a[Sainte-Foy, Québec] : |bService canadien de la faune, Environnement Canada, |c[1995] |
| 300 | |a1 ressource en ligne (47 pages non numérotées) : |bcartes, illustrations |
| 336 | |atexte|btxt|2rdacontent/fre |
| 337 | |ainformatique|bc|2rdamedia/fre |
| 338 | |aressource en ligne|bcr|2rdacarrier/fre |
| 500 | |aÉdition numérisée de l’imprimé [par Environnement et changement climatique Canada]. |
| 500 | |a« Texte préliminaire pour commentaires. » |
| 504 | |aComprend des références bibliographiques. |
| 546 | |aComprend du texte en anglais en annexe. |
| 650 | 6|aMarais|zQuébec (Province) |
| 650 | 6|aRéhabilitation (Écologie)|zQuébec (Province) |
| 650 | 0|aMarshes|zQuébec (Province) |
| 650 | 0|aRestoration ecology|zQuébec (Province) |
| 710 | 2 |aService canadien de la faune, |eorganisme de publication. |
| 856 | 40|qPDF|s14.30 Mo|uhttps://publications.gc.ca/collections/collection_2024/eccc/cw66/CW66-1457-1995-fra.pdf |